000 00265nam a22001097a 4500
008 170120b xxu||||| |||| 00| 0 eng d
020 _a9780781785815
041 _aeng
080 _27TH
_a618.2
245 _aESSETIALS OF NURSING RESEARCH
_cPOLIT, D.F
942 _2udc
_cBK
999 _c3302
_d3302